| 000 | 00553 a2200169 4500 | ||
|---|---|---|---|
| 999 |
_c29301 _d29301 |
||
| 003 | NUST | ||
| 005 | 20180118145423.0 | ||
| 008 | 180118b xxu||||| |||| 00| 0 eng d | ||
| 020 | _a8181283872 | ||
| 020 | _a9788181283870 | ||
| 082 | _a620.106 | ||
| 100 |
_aSpurk, Joseph H. _98830 |
||
| 245 | 0 | 0 | _aFluid mechanics ; problems and solutions. |
| 260 |
_a[S.l.] : _bSpringer (India) Private Limited, _c1997 |
||
| 300 | _a1 v. (unpaged) | ||
| 700 |
_aSpurk, Joseph H. _98830 |
||
| 942 |
_aSNS _cBK _k620.106 SPU _2ddc |
||